1792 1403 1696 1947 1108 1160 1984 1141 1966 1274 1405 1859 1043 1397 1944 1285 1692 1327 1805 1535 1275 1168 1339 1349 1670 1889 1034 1578 1288 1211 1926 1967 1185 1004 1567 1905 1234 1099 1382 1878 1072 1127 1513 1184 1681 1033 1894 1224 1293 1070 1768 1702 1047 1576 1251 1481 1219 1431 1314 1535 1011 1602 1568 1986 1055 1722 1030 1827 1226 1507 1856 1802 1598 1809 1849 1907 1912 1766 1336 1341 1807 1215 1487 1915 1444 1191 1411 1375 1225 1921 1527 1935 1337 1918 1451 1064 1321 1094 1321 BCNSPRNW ULIB Ver.6.0+V

เปลี่ยนเป็นภาษาไทย

Change to English
 แสดงรายละเอียดบรรณานุกรม
  กลับหน้าหลัก

Brief Record : Get Marc (ISO 2709) : E-mail record : QR code < ปิดหน้าต่าง
LEADER : 00000nam 2200000uu 4500
001    13399112991
003     ULIB
008    110921s2553||||th 000 0 tha d
020    9789745420748
060 04 W74^bว225ศ 2553
100 0  วรพจน์ พรหมสัตยพรต
245 10 เศรษฐศาสตร์สาธารณสุข =^bHealth economics /^cวรพจน์พรหมสัตยพรต
246 31 Health economics
250    พิมพ์ครั้งที่ 8 (ฉบับปรับปรุงใหม่)
260    มหาสารคาม :^bคณะสาธารณสุขศาสตร์ มหาวิทยาลัยมหาสารคาม,^c2553
300    197 หน้า :^bภาพประกอบ ;^c29 ซม.
650  4 เศรษฐศาสตร์การแพทย์
650  4 บริการทางการแพทย์^xค่าใช้จ่าย
710 2  มหาวิทยาลัยมหาสารคาม. ^bคณะสาธารณสุขศาสตร์
945    ^p195^l0^i030628
995    เกษร
999 ^a ใช้งานได้ทุกระบบ
รายการนี้ยังไม่มีแท็ก
คุณยังไม่ได้ล็อกอิน คุณสามารถมีกิจกรรมร่วมกับเว็บไซต์ได้ แต่ต้องล็อกอินก่อน ::
  ล็อกอิน

รายการสื่อสารสนเทศ

ลำดับที่ ประเภท เลขเรียก/บาร์โค้ด สถานที่ สถานะ
1. วิทยาศาสตร์การแพทย์ และสุขภาพ
หนังสือสำรอง
สถานะ=หนังสือสำรอง
W74 ว225ศ 2553  
  Barcode: 030628
ห้องสมุดวิทยาเขตสวรรค์ประชารักษ์
►ส่วนจัดเก็บหนังสือเก่า สปร
บนชั้น
  ขอยืม

รายการใกล้เคียง
    หัวเรื่อง [เศรษฐศาสตร์การแพทย์]

BibComment


ยังไม่เคยถูกคอมเมนท์

คอมเมนท์ทรัพยากรรายการนี้
  คอมเมนท์: เศรษฐศาสตร์สาธารณ..


 Copyright 2026. Bcnsprnw @Library